Aplikácia bodu indiferencie v nefinančnom podniku

Bod indiferencie - vo finančnom manažmente známy ako ukazovateľ indikujúci, aká štruktúra zdrojov krytia majetku je pre podnik výhodná. Praktický príklad výpočtu bodu indiferenecie v troch spoločnostiach.

Salvato in:
Dettagli Bibliografici
Autore principale: Šrenkel, Ľudovít
Altri autori: Smorada, Marián, 1984-
Natura: Capitolo di libro
Lingua:slovacco
Soggetti:
Tags: Aggiungi Tag
Nessun Tag, puoi essere il primo ad aggiungerne!!

MARC

LEADER 00000naa a2200000 4500
001 0178218
005 20240502073030.2
041 0 |a slo 
044 |a SK 
245 1 0 |a Aplikácia bodu indiferencie v nefinančnom podniku  |c Ľudovít Šrenkel, Marián Smorada 
520 |a Bod indiferencie - vo finančnom manažmente známy ako ukazovateľ indikujúci, aká štruktúra zdrojov krytia majetku je pre podnik výhodná. Praktický príklad výpočtu bodu indiferenecie v troch spoločnostiach. 
610 2 0 |a financie podnikové 
610 2 0 |a financovanie 
610 2 0 |a kapitál cudzí 
610 2 0 |a kapitál vlastný 
610 2 0 |a akcie 
610 2 0 |a dane z príjmov 
610 2 0 |a zisk 
100 1 |a Šrenkel, Ľudovít 
700 1 |a Smorada, Marián, 1984-